Все государственные границы - Statistics

General Stats
  • This quiz has been taken 14 times
    9 since last reset
  • The average score is 122 of 358
Answer Stats
Длина (км) Граничащие страны % Correct
- Австралия
80%
- Мадагаскар
60%
- Новая Зеландия
60%
- Фиджи
60%
404 Австрия - Италия
60%
1001,55 Азербайджан - Армения
60%
327,6 Азербайджан - Россия
60%
1559 Алжир - Марокко
60%
57 Андорра - Франция
60%
579 Аргентина - Уругвай
60%
219 Армения - Грузия
60%
1344,15 Афганистан - Таджикистан
60%
4156 Бангладеш - Индия
60%
1239 Беларусь - Россия
60%
678,819 Беларусь - Литва
60%
398,624 Беларусь - Польша
60%
1084 Беларусь - Украина
60%
167 Бельгия - Германия
60%
450,5 Бельгия - Нидерланды
60%
620 Бельгия - Франция
60%
609,1 Болгария - Румыния
60%
3,2 Ватикан - Италия
60%
499 Великобритания - Ирландия
60%
2219 Венесуэла - Колумбия
60%
1281 Вьетнам - Китай
60%
67,5 Германия - Дания
60%
137 Германия - Люксембург
60%
462,5 Германия - Польша
60%
209 Греция - Турция
60%
894 Грузия - Россия
60%
238 Израиль - Иордания
60%
2912 Индия - Пакистан
60%
534 Иран - Турция
60%
1214 Испания - Португалия
60%
623 Испания - Франция
60%
39 Италия - Сан-Марино
60%
800,22 Италия - Швейцария
60%
1782,5 Казахстан - Китай
60%
7598,8 Казахстан - Россия
60%
2356 Казахстан - Узбекистан
60%
8891 Канада - Соединённые Штаты Америки
60%
60 Катар - Саудовская Аравия
60%
1418 Китай - Корейская Народно-Демократическая Республика
60%
4630 Китай - Монголия
60%
4209,3 Китай - Россия
60%
243 Корейская Народно-Демократическая Республика - Республика Корея
60%
17,1 Корейская Народно-Демократическая Республика - Россия
60%
588,1 Латвия - Литва
60%
270,5 Латвия - Россия
60%
343 Латвия - Эстония
60%
266 Литва - Россия (Калининградская область)
60%
3145 Мексика - Соединённые Штаты Америки
60%
681,3 Молдова - Румыния
60%
939 Молдова - Украина
60%
5,469 Монако - Франция
60%
3485 Монголия - Россия
60%
195,8 Норвегия - Россия
60%
736 Норвегия - Финляндия
60%
204,1 Польша - Россия (Калининградская область)
60%
541 Польша - Словакия
60%
535 Польша - Украина
60%
1974 Россия - Украина
60%
1271,8 Россия - Финляндия
60%
333,7 Россия - Эстония
60%
97 Словакия - Украина
60%
251,8 Словакия - Чехия
60%
1312 Таджикистан - Узбекистан
60%
1635,5 Туркменистан - Узбекистан
60%
555,5 Финляндия - Швеция
60%
- Антигуа и Барбуда
40%
- Доминика
40%
- Исландия
40%
- Кабо-Верде
40%
- Кирибати
40%
- Куба
40%
- Мальдивы
40%
- Мальта
40%
- Науру
40%
- Тайвань
40%
- Федеративные Штаты Микронезии
40%
- Филиппины
40%
- Шри-Ланка
40%
- Ямайка
40%
- Япония
40%
356,4 Австрия - Венгрия
40%
816,9 Австрия - Германия
40%
35,04 Австрия - Лихтенштейн
40%
106,7 Австрия - Словакия
40%
330 Австрия - Словения
40%
466,1 Австрия - Чехия
40%
166 Австрия - Швейцария
40%
428 Азербайджан - Грузия
40%
689 Азербайджан - Иран
40%
10 Азербайджан (Нахичеванская Автономная Республика) - Турция
40%
282 Албания - Греция
40%
113,5 Албания - Косово
40%
151 Албания - Северная Македония
40%
171 Албания - Черногория
40%
982 Алжир - Ливия
40%
1010 Алжир - Тунис
40%
64 Андорра - Испания
40%
1261 Аргентина - Бразилия
40%
1694,5 Аргентина - Парагвай
40%
5308 Аргентина - Чили
40%
35 Армения - Иран
40%
311 Армения - Турция
40%
928,5 Афганистан - Иран
40%
744 Афганистан - Туркменистан
40%
144 Афганистан - Узбекистан
40%
173 Беларусь - Латвия
40%
148 Бельгия - Люксембург
40%
475 Болгария - Греция
40%
932 Босния и Герцеговина - Хорватия
40%
2199 Бразилия - Венесуэла
40%
1605,6 Бразилия - Гайана
40%
1644 Бразилия - Колумбия
40%
1366 Бразилия - Парагвай
40%
2995 Бразилия - Перу
40%
593 Бразилия - Суринам
40%
1069 Бразилия - Уругвай
40%
605 Бутан - Индия
40%
473,5 Бутан - Китай
40%
448 Венгрия - Румыния
40%
157,5 Венгрия - Сербия
40%
654,8 Венгрия - Словакия
40%
136,7 Венгрия - Украина
40%
376 Гаити - Доминиканская Республика
40%
600 Гайана - Суринам
40%
250 Гватемала - Гондурас
40%
915 Гватемала - Мексика
40%
356,5 Гвинея - Сенегал
40%
576 Германия - Нидерланды
40%
453 Германия - Франция
40%
339,5 Германия - Швейцария
40%
273 Грузия - Турция
40%
390 Джибути - Эфиопия
40%
266 Египет - Израиль
40%
1115 Египет - Ливия
40%
797 Замбия - Зимбабве
40%
419 Замбия - Мозамбик
40%
1231 Зимбабве - Мозамбик
40%
225 Зимбабве - Южно-Африканская Республика
40%
79 Израиль - Ливан
40%
76 Израиль - Сирия
40%
3380 Индия - Китай
40%
1690 Индия - Непал
40%
1458 Ирак - Иран
40%
814 Ирак - Саудовская Аравия
40%
599 Ирак - Сирия
40%
909 Иран - Пакистан
40%
15,9 Испания - Марокко
40%
232 Италия - Словения
40%
1382,5 Йемен - Саудовская Аравия
40%
1212 Казахстан - Кыргызстан
40%
1690 Камерун - Нигерия
40%
901 Камерун - Центрально-Африканская Республика
40%
186 Камерун - Экваториальная Гвинея
40%
1389 Китай - Непал
40%
170,772 Косово - Северная Македония
40%
351,6 Косово - Сербия
40%
309 Коста-Рика - Никарагуа
40%
984 Кыргызстан - Таджикистан
40%
1314 Кыргызстан - Узбекистан
40%
1106 Лесото - Южно-Африканская Республика
40%
104 Литва - Польша
40%
73 Люксембург - Франция
40%
2416 Мьянма - Таиланд
40%
967 Намибия - Южно-Африканская Республика
40%
1555,5 Нигер - Нигерия
40%
10,2 Нидерланды (Синт-Мартен) - Франция (Сен-Мартен)
40%
1630 Норвегия - Швеция
40%
457 Объединённые Арабские Эмираты - Саудовская Аравия
40%
164,5 Перу - Чили
40%
1474,5 Перу - Эквадор
40%
795,9 Польша - Чехия
40%
613,8 Румыния - Украина
40%
221 Северная Македония - Сербия
40%
217 Сербия - Хорватия
40%
203 Сербия - Черногория
40%
822 Сирия - Турция
40%
670 Словения - Хорватия
40%
2158 Судан - Южный Судан
40%
912 Эритрея - Эфиопия
40%
430 Эсватини - Южно-Африканская Республика
40%
- Багамские острова
20%
- Барбадос
20%
- Бахрейн
20%
- Вануату
20%
- Гренада
20%
- Коморские острова
20%
- Маврикий
20%
- Маршалловы острова
20%
- Палау
20%
- Самоа
20%
- Сан-Томе и Принсипи
20%
- Сейшельские острова
20%
- Сент-Винсент и Гренадины
20%
- Сент-Китс и Невис
20%
- Сент-Люсия
20%
- Сингапур
20%
- Соломоновы острова
20%
- Тонга
20%
- Тринидад и Тобаго
20%
- Тувалу
20%
461,5 Алжир - Мавритания
20%
1352,5 Алжир - Мали
20%
951 Алжир - Нигер
20%
2511 Ангола - Демократическая Республика Конго
20%
1110 Ангола - Замбия
20%
1401,5 Ангола - Намибия
20%
216 Ангола (провинция Кабинда) - Республика Конго
20%
742 Аргентина - Боливия
20%
76 Афганистан - Китай
20%
2670 Афганистан - Пакистан
20%
271 Бангладеш - Мьянма
20%
266 Белиз - Гватемала
20%
193 Белиз - Мексика
20%
306 Бенин - Буркина-Фасо
20%
271,5 Бенин - Нигер
20%
773 Бенин - Нигерия
20%
647,5 Бенин - Того
20%
155 Болгария - Северная Македония
20%
318 Болгария - Сербия
20%
259 Болгария - Турция
20%
3423 Боливия - Бразилия
20%
750 Боливия - Парагвай
20%
1047 Боливия - Перу
20%
861 Боливия - Чили
20%
302 Босния и Герцеговина - Сербия
20%
225 Босния и Герцеговина - Черногория
20%
0,15 Ботсвана - Замбия
20%
813 Ботсвана - Зимбабве
20%
1544 Ботсвана - Намибия
20%
1904,5 Ботсвана - Южно-Африканская Республика
20%
730,4 Бразилия - Франция (Гвиана)
20%
266 Бруней - Малайзия
20%
575,5 Буркина-Фасо - Гана
20%
584 Буркина-Фасо - Кот-д'Ивуар
20%
1000 Буркина-Фасо - Мали
20%
625 Буркина-Фасо - Нигер
20%
128,5 Буркина-Фасо - Того
20%
234,5 Бурунди - Демократическая Республика Конго
20%
302,5 Бурунди - Руанда
20%
451 Бурунди - Танзания
20%
1,2 Великобритания (Гибралтар) - Испания
20%
152 Великобритания (Акротири и Декелия) - Кипр
20%
102 Венгрия - Словения
20%
329 Венгрия - Хорватия
20%
766 Венесуэла - Гайана
20%
240,5 Восточный Тимор - Индонезия
20%
1228 Вьетнам - Камбоджа
20%
2145,5 Вьетнам - Лаос
20%
323,5 Габон - Камерун
20%
1903 Габон - Республика Конго
20%
347,5 Габон - Экваториальная Гвинея
20%
744,5 Гамбия - Сенегал
20%
694 Гана - Кот-д'Ивуар
20%
1098 Гана - Того
20%
203 Гватемала - Сальвадор
20%
386 Гвинея - Гвинея-Бисау
20%
610 Гвинея - Кот-д'Ивуар
20%
576,5 Гвинея - Либерия
20%
1062 Гвинея - Мали
20%
652 Гвинея - Сьерра-Леоне
20%
338 Гвинея-Бисау - Сенегал
20%
818 Германия - Чехия
20%
940 Гондурас - Никарагуа
20%
256 Гондурас - Сальвадор
20%
235 Греция - Северная Македония
20%
1,2 Дания (остров Ханс) - Канада (остров Ханс)
20%
1930 Демократическая Республика Конго - Замбия
20%
2410 Демократическая Республика Конго - Республика Конго
20%
219,5 Демократическая Республика Конго - Руанда
20%
464,5 Демократическая Республика Конго - Танзания
20%
765 Демократическая Республика Конго - Уганда
20%
1577 Демократическая Республика Конго - Центрально-Африканская Республика
20%
628 Демократическая Республика Конго - Южный Судан
20%
58 Джибути - Сомали
20%
109 Джибути - Эритрея
20%
1273 Египет - Судан
20%
842 Замбия - Малави
20%
238,5 Замбия - Намибия
20%
345,5 Замбия - Танзания
20%
1463 Индия - Мьянма
20%
1831,5 Индонезия - Малайзия
20%
822 Индонезия - Папуа-Новая Гвинея
20%
180 Иордания - Ирак
20%
737,5 Иордания - Саудовская Аравия
20%
368,5 Иордания - Сирия
20%
254 Ирак - Кувейт
20%
372,5 Ирак - Турция
20%
1148 Иран - Туркменистан
20%
515 Италия - Франция
20%
291 Йемен - Оман
20%
458,263 Казахстан - Туркменистан
20%
548 Камбоджа - Лаос
20%
803 Камбоджа - Таиланд
20%
523 Камерун - Республика Конго
20%
1094 Камерун - Чад
20%
682 Кения - Сомали
20%
772 Кения - Танзания
20%
873,5 Кения - Уганда
20%
861 Кения - Эфиопия
20%
274,5 Кения - Южный Судан
20%
1063 Китай - Кыргызстан
20%
505 Китай - Лаос
20%
2157 Китай - Мьянма
20%
592 Китай - Пакистан
20%
477 Китай - Таджикистан
20%
266 Колумбия - Панама
20%
1626 Колумбия - Перу
20%
586 Колумбия - Эквадор
20%
79,165 Косово - Черногория
20%
330 Коста-Рика - Панама
20%
747 Кот-д'Ивуар - Либерия
20%
565,5 Кот-д'Ивуар - Мали
20%
221 Кувейт - Саудовская Аравия
20%
238 Лаос - Мьянма
20%
1799,5 Лаос - Таиланд
20%
313 Либерия - Сьерра-Леоне
20%
384,5 Ливан - Сирия
20%
348 Ливия - Нигер
20%
382 Ливия - Судан
20%
460 Ливия - Тунис
20%
1052,5 Ливия - Чад
20%
41 Лихтенштейн - Швейцария
20%
2249,5 Мавритания - Мали
20%
1554,5 Мавритания - Марокко
20%
813 Мавритания - Сенегал
20%
1535,5 Малави - Мозамбик
20%
475 Малави - Танзания
20%
506 Малайзия - Таиланд
20%
824,5 Мали - Нигер
20%
419 Мали - Сенегал
20%
756 Мозамбик - Танзания
20%
105 Мозамбик - Эсватини
20%
491 Мозамбик - Южно-Африканская Республика
20%
1196 Нигер - Чад
20%
86 Нигерия - Чад
20%
410 Объединённые Арабские Эмираты - Оман
20%
667 Оман - Саудовская Аравия
20%
477 Республика Конго - Центрально-Африканская Республика
20%
219,5 Руанда - Танзания
20%
170,5 Руанда - Уганда
20%
546,4 Румыния - Сербия
20%
1624 Сомали - Эфиопия
20%
483 Судан - Центрально-Африканская Республика
20%
1403 Судан - Чад
20%
605 Судан - Эритрея
20%
738 Судан - Эфиопия
20%
510 Суринам - Франция (Гвиана)
20%
393,5 Танзания - Уганда
20%
435 Уганда - Южный Судан
20%
585,28 Франция - Швейцария
20%
25 Хорватия - Черногория
20%
1197 Центрально-Африканская Республика - Чад
20%
1055 Центрально-Африканская Республика - Южный Судан
20%
883 Эфиопия - Южный Судан
20%
No matching quizzes found
Score Distribution
Percent of People with Each Score
Percentile by Number Answered
Your Score History
You have not taken this quiz since the last reset